Estudio crítico de la literatura juvenil / (Record no. 175228)

MARC details
000 -LEADER
campo de control de longitud fija 01044nam a22002415i 4500
001 - NÚMERO DE CONTROL
campo de control 175228
003 - IDENTIFICADOR DE NÚMERO DE CONTROL
campo de control ES-MaACL
005 - FECHA Y HORA DE LA ÚLTIMA TRANSACCIÓN
campo de control 20250814225825.0
008 - DATOS DE LONGITUD FIJA--INFORMACIÓN GENERAL
campo de control de longitud fija 101015s1963 sp |||| | spa d
080 ## - NÚMERO DE LA CLASIFICACIÓN DECIMAL UNIVERSAL
Número de la Clasificación Decimal Universal 82-93.09
100 0# - ENTRADA PRINCIPAL--NOMBRE DE PERSONA
Nombre de persona Petrini, Enzo.
9 (RLIN) 143622
245 10 - MENCIÓN DEL TÍTULO
Título Estudio crítico de la literatura juvenil /
Mención de responsabilidad, etc. Enzo Petrini ; apéndice Actualidad del cuento infantil en España por María Josefa Sirvent del Otero ; [traducción de Manuel Carrión Gútiez].
260 ## - PUBLICACIÓN, DISTRIBUCIÓN, ETC.
Lugar de publicación, distribución, etc. Madrid :
Nombre del editor, distribuidor, etc. Rialp,
Fecha de publicación, distribución, etc. 1963.
300 ## - DESCRIPCIÓN FÍSICA
Extensión 220 p. ;
Dimensiones 22 cm.
490 1# - MENCIÓN DE SERIE
Mención de serie Biblioteca de Educación y Ciencias Sociales. Serie Investigaciones y ensayos ;
Designación de volumen o secuencia 4
594 ## - Nota al título y mención de responsabilidad
Nota al título y mención de responsabilidad Tít. original: Avviamento critico alla letteratura giovanile.
650 #4 - PUNTO DE ACCESO ADICIONAL DE MATERIA--TÉRMINO DE MATERIA
Término de materia o nombre geográfico como elemento de entrada Literatura infantil-
Subdivisión general Historia y crítica.
9 (RLIN) 14620
700 1# - ENTRADA AGREGADA--NOMBRE PERSONAL
Nombre de persona Sirvent del Otero, María Josefa.
9 (RLIN) 143623
700 0# - ENTRADA AGREGADA--NOMBRE PERSONAL
Nombre de persona Carrión Gútiez, Manuel.
9 (RLIN) 35810
830 00 - PUNTO DE ACCESO ADICIONAL DE SERIE-TÍTULO UNIFORME
Título uniforme Biblioteca de educación y ciencias sociales
Designación de volumen o secuencia 4
9 (RLIN) 231016
852 ## - LOCALIZACIÓN
Ubicación ES-MaACL
Número de control de estantería E-13389
Encuadernación Olim P-478-Ter
Holdings
Estatus retirado Estado de pérdida Estado de daño No para préstamo Biblioteca de origen Biblioteca actual Ubicación en estantería Fecha de adquisición Fuente de adquisición Total de préstamos Signatura topográfica completa Código de barras Visto por última vez Precio de reemplazo Tipo de ítem Koha
        Biblioteca del Ateneo de Madrid Biblioteca del Ateneo de Madrid Depósito 2 15/10/2010     E-13389 1183991 23/02/2023 23/02/2023 Libro impreso